Elementary Engineering Drawing (Record no. 322559)

MARC details
000 -LEADER
fixed length control field 00515nam a2200169Ia 4500
008 - FIXED-LENGTH DATA ELEMENTS--GENERAL INFORMATION
fixed length control field 230718s9999 xx 000 0 und d
041 ## - LANGUAGE CODE
Language code of text/sound track or separate title eng
082 ## - DEWEY DECIMAL CLASSIFICATION NUMBER
Classification number 604.2
Item number BHA
100 ## - MAIN ENTRY--PERSONAL NAME
Personal name Bhatt N.D.
245 ## - TITLE STATEMENT
Title Elementary Engineering Drawing
Remainder of title Plane And Solid Geometry (In First-Angle Projection Method)
250 ## - EDITION STATEMENT
Edition statement 49th ed.
260 ## - PUBLICATION, DISTRIBUTION, ETC. (IMPRINT)
Date of publication, distribution, etc. 2008
Name of publisher, distributor, etc. Charotar Publishing House
300 ## - PHYSICAL DESCRIPTION
Extent 600
365 ## - TRADE PRICE
Currency code Rs.
Price amount 150.00
700 ## - ADDED ENTRY--PERSONAL NAME
Personal name Bhatt N.D. & Panchal V.M.
906 ## - LOCAL DATA ELEMENT F, LDF (RLIN)
d O:0029323-Sep-2009B:71304-Jul-2009
c SS
b 255
Holdings
Withdrawn status Lost status Damaged status Not for loan Home library Current library Date acquired Vendor Budget Code Cost, normal purchase price Bill number Total Checkouts Full call number Barcode Date last seen Discount Cost, replacement price Bill Date Koha item type Original Barcode
        Cummins College of Engineering for Women Pune Cummins College of Engineering for Women Pune 17/09/2009 Tbs SS 124.50 713   604.2 CCEP-BK-33766 18/07/2023 255 150.00 04/07/2009 Books 033766